<?xml version="1.0" encoding="UTF-8"?>
<collection xmlns="http://www.loc.gov/MARC21/slim">
  <record>
    <leader>00000nam  2200000   4500</leader>
    <controlfield tag="001">INLIS000000000010825</controlfield>
    <controlfield tag="005">20210606024443</controlfield>
    <datafield tag="035" ind1="#" ind2="#">
      <subfield code="a">0010-0621000046</subfield>
    </datafield>
    <datafield tag="245" ind1="1" ind2="#">
      <subfield code="a">PEDOMAN KERJA PRAKTIK  DAN TUGAS AKHIR, SILABUS MAGANG A DAN ATURAN PRAKTIKUM ERGONOMI DENGAN PENDEKATAN K3 PROGRAM STUDI TEKNIK INDUSTRI INSTITUT TEKNOLOGI KALIMANTAN /</subfield>
      <subfield code="c">MUHAMAD IMRON ZAMZANI</subfield>
    </datafield>
    <datafield tag="100" ind1="1" ind2="#">
      <subfield code="a">ZAMZANI, Muhammad Imron</subfield>
    </datafield>
    <datafield tag="250" ind1="#" ind2="#">
      <subfield code="a">1</subfield>
    </datafield>
    <datafield tag="300" ind1="#" ind2="#">
      <subfield code="a">56 halaman ; lampiran :</subfield>
      <subfield code="b">ilustrasi ;</subfield>
      <subfield code="c">30 cm</subfield>
    </datafield>
    <datafield tag="260" ind1="#" ind2="#">
      <subfield code="a">Samarinda :</subfield>
      <subfield code="b">Puslatbang KDOD,</subfield>
      <subfield code="c">2020</subfield>
    </datafield>
    <datafield tag="084" ind1="#" ind2="#">
      <subfield code="a">LATSAR 511 2020</subfield>
    </datafield>
    <datafield tag="650" ind1="#" ind2="#">
      <subfield code="a">Pelatihan Dasar</subfield>
    </datafield>
    <datafield tag="650" ind1="#" ind2="#">
      <subfield code="a">Laporan Aktualisasi</subfield>
    </datafield>
    <datafield tag="650" ind1="#" ind2="#">
      <subfield code="a">buku pedoman</subfield>
    </datafield>
    <datafield tag="650" ind1="#" ind2="#">
      <subfield code="a">inovasi pembelajaran</subfield>
    </datafield>
    <datafield tag="650" ind1="#" ind2="#">
      <subfield code="a">inovasi layanan</subfield>
    </datafield>
    <datafield tag="650" ind1="#" ind2="#">
      <subfield code="a">perguruan tinggi</subfield>
    </datafield>
    <datafield tag="520" ind1="#" ind2="#">
      <subfield code="a">Laporan Aktualisasi Pelatihan Dasar ini didasarkan pada aturan praktikum ergonomic, magang A, kerja praktek dan tugas akhir prodi Teknik industri, sehingga dibuat lima kegiatan berdasarkan nilai ANEKA (Akuntabilitas, Nasionalisme, Etika public, Komitmen Mutu dan Anti korupsi), yaitu melakukan koordinasi dengan coordinator program studi , menjadwalkan rapat dengan dosen prodi, melakukan rapat dosen prodi, Menyusun rublik penilaian pratikum, silabus magang A, kerja praktek dan tugas akhir, serta melakukan evaluasi kegiatan. Kegiatan ini dilaksanakan dari tanggal 27 Juli 2020-25 September 2020.</subfield>
    </datafield>
    <datafield tag="500" ind1="#" ind2="#">
      <subfield code="a">Coach : Lia Rosliana, S.Psi. M.Psi&#13;
Penguji : Rokip Purnomo, S.E&#13;
Mentor : Prof. Ir. Budi Santosa, M.S., Ph.D</subfield>
    </datafield>
    <datafield tag="990" ind1="#" ind2="#">
      <subfield code="a">LATSAR/511/2020</subfield>
    </datafield>
  </record>
</collection>
